Top 10 najdroższych drużyn narodowych na Mistrzostwach Europy - Statystyki

Ogólne statystyki
  • Ten quiz został rozwiązany 252 razy
  • Średni wynik to 9 z 10
Statystyki odpowiedzi
Wartość Kraj % Poprawnych
1,23 mld Francja
98%
965 mln Hiszpania
98%
1,52 mld Anglia
97%
851 mln Niemcy
97%
1,05 mld Portugalia
96%
765 mln Holandia
95%
705 mln Włochy
92%
584 mln Belgia
88%
415 mln Dania
76%
379 mln Ukraina
66%
Nie znaleziono quizów pasujących do podanych kryteriów
Rozkład punktacji
Procent ludzi z każdym wynikiem
Percentyl według liczby udzielonych odpowiedzi
Twoja historia wyników
Nie rozwiązałeś tego quizu